000 00826nmm a2200265 a 4500
001 ocm000884559
003 TR-IsHL
005 20201028144159.0
008 141121s1998 tu tur
007 cr cn
020 _a9789757814856
035 _a884559
_b(N$T)
050 0 4 _aPL248.E98
_bT37 1998
090 0 4 _aPL248.E98
_bT37 1998
100 1 _aEyuboğlu, İsmet Zeki
245 1 0 _aTaşoluğun başında
_h[electronic resource] /
_cİsmet Zeki Eyuboğlu
260 _aİstanbul :
_bPencere Yayınları,
_c1998
300 _a240 s.
650 4 _aDil ve Edebiyat
650 4 _aLanguage and Literature
650 0 _aTürk şiiri
650 0 _aTurkish poetry
650 7 _aPOETRY / Middle Eastern
_2bisacsh
856 4 0 _uhttp://search.ebscohost.com/login.aspx?direct=true&scope=site&db=e011xww&AN=884559
999 _c9291
_d9291